000
00239nam a2200097Ia 4500
005
20251222114341.0
008
251222s1900||||xx |||||||||||||| ||spa||
082
_a
DVD0070/C95/1999
245
0
_a
Butterfly:La lengua de las mariposas
942
_c
DVD
999
_c
865
_d
865